Whiskey Glasses - Morgan Wallen Lyrics - Statistics

General Stats
  • This quiz has been taken 174 times
  • The average score is 302 of 421
Answer Stats
Lyric % Correct
I
97%
(I
97%
a
96%
me
96%
the
94%
no
93%
do
91%
don't
88%
dont
88%
glasses
87%
so
87%
wanna
86%
cause
85%
'cause
85%
go
85%
whiskey
85%
drink
83%
knock
83%
up
83%
with
82%
em
81%
i'm
81%
im
81%
need
81%
pour
81%
some
81%
and
80%
another
80%
be
80%
she
80%
of
78%
see
78%
on
77%
out
76%
more
75%
it
74%
make
74%
truth
74%
truth)
74%
ain't
73%
(ain't
73%
aint
73%
feel
73%
if
73%
imma
73%
thing
73%
down
72%
gonna
72%
new
72%
sing
72%
wear
72%
couch
71%
round
71%
shes
71%
she's
71%
someone
71%
this
71%
now
70%
right
70%
through
70%
probably
69%
hell
68%
making
68%
sip
68%
ever
67%
her
67%
just
67%
think
66%
about
65%
bar
65%
line
65%
off
65%
pain
65%
like
64%
without
63%
ring
62%
'til
62%
back
61%
nah
61%
single
61%
before
59%
lets
59%
them
59%
two
59%
wears
59%
hit
58%
that
58%
fill
57%
strong
57%
world
57%
can't
55%
shot
55%
brother
54%
double
54%
drinks
54%
heartbreak
54%
move
54%
poor
54%
or
53%
yeah
53%
to
52%
karaoke
48%
coming
47%
gone
47%
never
47%
proof
47%
at
38%
my
37%
call
36%
you)
35%
am
34%
bartender
34%
last
34%
3
33%
swear
33%
will
32%
mr
31%
again
29%
oh
29%
drunk
27%
nothing
27%
where
22%
around
21%
better
20%
but
19%
else
17%
view
17%
hitting
13%
heard
12%
dialing
10%
No matching quizzes found
Score Distribution
Percent of People with Each Score
Percentile by Number Answered
Your Score History
You have not taken this quiz